000 00946nam a2200253 a 4500
005 20090706152227.0
008 010625s2001 ii b 000 0 eng
010 _aENG-94321
020 _c250.00
_a9788121613293
035 _aEN-77854
037 _bDBAD / PUB
040 _adpl
_bEnglish
082 _a613.122
100 _aHerron, Tara J.
245 _aThe definitive spa & body handbook:
_cby Tara J. Herron
_bthe 5 keys ot unlimited energy, balance and bliss /
260 _aNew Delhi
_bHind Pocket Books
_c2009
270 _aJ-40, Jorbagh Lane,
_bNew Delhi
_e110003
300 _axi, 164p.
_c22cm(pbk)
650 _aBeauty, Personal
650 _aHealth resorts
650 _aBeauty, Personal
942 _2ddc
_cEN
_mHER
_h613.122
999 _c28078
_d28078